02846aam a2200361 a 4500001001000000003000900010005001700019007000300036008004100039020001500080040002500095082002300120100004400143245012300187260003900310300002100349500002200370504003100392505032800423505075700751590002501508650007101533650006601604700004701670910001201717942001401729952014501743952014501888952014502033952014302178952014802321999001502469000003207DO-SdBNP20220307102917.0ta040620s2002 dr b 001 0dspa d a9993487155 aDO-SdBNPbspacBNPHU a344.074bF224e22210aFarías Campos, Félix,d1959-91013110aEvolución, orientaciones y tendencias de la legislación de la educación superior dominicana /cFélix Farías  aSanto Domimgo :bUnicaribe,c2002. a202 p. ;c22 cm. aIncluye índice. aBibliografía: p. 63-66. 0 aIntroducción -- Origen del Sistema de Educación Superior Dominicano, 1518-1961 -- Incursión del Sector privado en la Educación Superior Dominicana, 1962-1982 -- Regulación de la Educación Superior Dominicana, 1983-2000 -- Reforma del Sistema de Educación Superior Dominicano, 2001 -- Bibliografía -- Anexos.0 aAnexos: Decreto 914 que convierte el Instituto Profesional en Universidad Santo Domingo -- Ley 1398 de Organización Universitaria -- Ley 111 sobre Exequátur -- Ley 5778 sobre Autonomía de la UASD -- Ley 6150 que crea la PUCMM -- Ley 292 que ordena la Supresión del Fuero en la UASD -- Ley 273 que regula la educación superior privada -- Ley 236 que modifica la 273 sobre educación superior privada -- Decreto 449 que crea Comisión CONIES -- Ley 14 declara inejecutable bienes universitarios estatales -- Decreto 861 crea Comisión CONES -- Decreto 1255 crea Consejo CONES -- Decreto 259-96 modifica el 1255 del CONES -- Decreto 517-96 modifica el 259-96 -- Ley 139-01 crea la Secretaría de Educación Superior, Ciencia y Tecnología. aInventariado,2018/DG4 aEducación superiorxLegislaciónzRepública Dominicana9101324 aEducación superiorxHistoriazRepública Dominicana9101331 aReyes, Roberto910134eCorretor de estilo  aSaquino 2ddccLBS1 00102ddc758DSaBNPHUbBNPHUcHDd2009-09-03eDepósito Legall0oBNPHU DS 344.074 F224ep3207-30r2020-06-25te.3w2020-06-25yLBS1zS/A 00102ddc758DSaBNPHUbBNPHUcHDd2010-02-05eDepósito Legall0oBNPHU DS 344.074 F224ep3207-40r2020-06-25te.4w2020-06-25yLBS1zS/A 00102ddc758DSaBNPHUbBNPHUcHDd2010-02-05eDepósito Legall0oBNPHU DS 344.074 F224ep3207-50r2020-06-25te.5w2020-06-25yLBS1zS/A 00102ddc53708PDaBNPHUbBNPHUcHDd2009-07-07eDepósito Legall0oBNPHU PD 344.074 F224ep3207-10r2020-06-25w2020-06-25yLBS1zS/A 00102ddc51708PDaBNPHUbBNPHUcHDd2009-07-07eDepósito Legall0oBNPHU PD 344.074 F224ep3207-20r2020-06-25te.2w2020-06-25yLBS1zS/A c3038d3038